|
|
|
|
| LEADER |
00000nab a2200000 a 4500 |
| 001 |
vtls001519589 |
| 003 |
SK-MaSNL |
| 005 |
20260304143447.0 |
| 008 |
250505c2004 xo mr|p|||||||000 b|slo |
| 015 |
|
|
|a SNBRB2005/03
|
| 035 |
|
|
|a (uuid)b9fcd7d7-9110-4822-b674-b3ed219fef1a
|
| 035 |
|
|
|a urn:nbn:sk:snk-abes3o
|
| 035 |
|
|
|a (urnnbn)urn:nbn:sk:snk:ar-a08v7r
|
| 038 |
|
|
|a SNKBUCL
|
| 040 |
|
|
|a SNKBUCL
|b slo
|c SNKBUCL
|e AACR2
|
| 041 |
0 |
|
|a slo
|
| 044 |
|
|
|a xo
|c SK
|
| 080 |
|
|
|a 17.023.34
|2 1997
|
| 100 |
1 |
|
|a Bednár, Libor,
|d 1963-
|4 aut
|9 116581
|
| 245 |
1 |
0 |
|a O radosti v Bohu
|c Libor Bednár
|
| 650 |
0 |
7 |
|a radosť
|2 snkbucl
|9 68638
|
| 773 |
0 |
|
|t Cirkevné listy
|g Roč. CXXVIII., č. 12 (2004), s. 2-3
|x 0139-9217
|
| 850 |
|
|
|a Slovenská národná knižnica
|
| 852 |
|
|
|a Slovenská národná knižnica
|
| 954 |
|
|
|a odborná, vedecká literatúra pôvodná (slovenská)
|2 lita
|
| 958 |
|
|
|a article2022
|
| 958 |
|
|
|a OND
|
| 958 |
|
|
|a EUIPO
|
| 999 |
|
|
|c 2925499
|d 2927429
|